Sports Quiz

Random Sports or WWE Quiz
Score 0/40 Timer 15:00
0 Plays Today
First WrestleMania Wrestler % Correct
WrestleMania X8Rob Van Dam
90.7%
WrestleMania 23Tommy Dreamer
88.1%
WrestleMania 23Sabu
87.3%
WrestleMania 23The Sandman
86.4%
WrestleMania 2000Bubba Ray Dudley
82.2%
WrestleMania 2000D-Von Dudley
82.2%
WrestleMania 2Terry Funk
80.5%
WrestleMania XIV2 Cold Scorpio / Flash Funk
80.5%
WrestleMania 2000Chris Benoit
80.5%
WrestleMania X8*Spike Dudley
80.4%
WrestleMania 13Mick Foley
79.7%
WrestleMania 2000Tazz
78%
WrestleMania X7Raven
74.6%
WrestleMania XIISteve Austin
72%
WrestleMania XIXRey Mysterio
71.2%
WrestleMania 2000Dean Malenko
70.3%
WrestleMania IVBam Bam Bigelow
66.9%
WrestleMania X7*Justin Credible
64.9%
WrestleMania XIXRhyno
64.4%
WrestleMania X8*Lance Storm
63.6%
First WrestleMania Wrestler % Correct
WrestleMania 2000Perry Saturn
61%
WrestleMania XV*Rocco Rock
54.6%
WrestleMania XII*Chris Candido / Skip
52.6%
WrestleMania VIIRoad Warrior Hawk
51.7%
WrestleManiaKing Kong Bundy
50.8%
WrestleMania 22*Stevie Richards
50.5%
WrestleMania 13Ron Simmons / Faarooq
49.2%
WrestleMania 2Jake Roberts
47.5%
WrestleMania XV*Johnny Grunge
46.4%
WrestleMania XMabel / Viscera
45.8%
WrestleMania XXTajiri
45.8%
WrestleMania XXNunzio / Little Guido
42.4%
WrestleMania 22*Psicosis
42.3%
WrestleMania 22*Super Crazy
42.3%
WrestleMania XIVBrian Lee / Chainz
35.6%
WrestleMania VIPat Tanaka
31.4%
WrestleMania 2Jim Neidhart
30.5%
WrestleMania VISensational Sherri
29.2%
WrestleMania 21*Nova / Simon Dean
22.7%
WrestleMania 22*Joey Mercury / Joey Matthews
21.6%
Remove Ads.
Support Sporcle.
Get the best of Sporcle when you Go Orange. This ad-free experience offers more features, more stats, and more fun while also helping to support Sporcle. Thank you for becoming a member.

You're not logged in!

Compare scores with friends on all Sporcle quizzes.
OR
Log In

Sporcle TV

Today on Sporcle TV


Watch our educational content, quiz creation guides, and fun videos on Sporcle TV.

Show Comments

Extras

Created Nov 23, 2017SourceReportNominate
Tags:WWE Quiz, ECW, Wrestlemania, WWF

Top Quizzes Today


Score Distribution

Paid Content

Your Account Isn't Verified!

In order to create a playlist on Sporcle, you need to verify the email address you used during registration. Go to your Sporcle Settings to finish the process.

Report this User

Report this user for behavior that violates our Community Guidelines.

Details: